[Event "U.S. Amateur North U1600"]
[Site "Detroit, MI"]
[Date "2002.05.25"]
[Round "1.23"]
[White "Taliaferro, Nataiya"]
[Black "Aguilar, Javier"]
[Result "0-1"]
[WhiteElo "578"]
[BlackElo "1226"]
[PlyCount "66"]
[EventDate "2002.05.25"]

1. e4 c6 2. Qf3 d5 3. Nc3 dxe4 4. Nxe4 Nd7 5. Bc4 e6 6. d3 Ngf6 7. Ng5 h6 8.
Ne4 Be7 9. Qg3 O-O 10. Bxh6 Nh5 11. Qg4 Kh7 12. Ng5+ Bxg5 13. Bxg5 Ndf6 14. Nf3
Nxg4 15. Bxd8 Rxd8 16. Ng5+ Kg8 17. O-O Ne5 18. Rfd1 Nxc4 19. dxc4 Bd7 20. Rd4
c5 21. Rh4 g6 22. h3 Bc6 23. g4 Rd4 24. Re1 Rad8 25. Kh2 Ng7 26. Rh7 Rxc4 27.
Re5 f6 28. Nf7 Kxf7 29. Re3 Rxc2 30. Rg3 Rxf2+ 31. Kg1 Rxb2 32. Rg2 Rxg2+ 33.
Kf1 Rd1# 0-1

[Event "U.S. Amateur North"]
[Site "Detroit, MI"]
[Date "2002.05.25"]
[Round "1.4"]
[White "Steen, Harold"]
[Black "Vandivier, Don"]
[Result "1-0"]
[WhiteElo "1617"]
[BlackElo "1924"]
[PlyCount "85"]
[EventDate "2002.05.25"]

{64MB, maxlange.ctg. CC1955916-D} 1. d4 {0} Nf6 2. Nf3 d5 3. e3 Bg4 4. c4 a6 5.
Qb3 Bxf3 6. Qxb7 Nbd7 7. gxf3 e6 8. cxd5 Nxd5 9. Nc3 Nb4 10. Qe4 c5 11. d5 Nf6
12. Qb1 Nfxd5 13. a3 Nc6 14. Bg2 Rb8 15. Qc2 Be7 16. O-O O-O 17. Rd1 Bd6 18. f4
Nxc3 19. Qxc3 Qe7 20. Bxc6 e5 21. Bg2 Rb6 22. Rd5 Rfb8 23. fxe5 Bc7 24. Qxc5
Qxc5 25. Rxc5 Rd8 26. Rd5 Rxd5 27. Bxd5 Bxe5 28. Rb1 g5 29. b4 Rh6 30. f4 gxf4
31. exf4 Bd4+ 32. Kh1 Rd6 33. Bf3 Bb6 34. Bb2 Rd2 35. Bb7 Be3 36. Be5 f6 37.
Bxf6 Bxf4 38. Bg2 Kf7 39. Ba1 Ra2 40. Bb2 Ke6 41. Bb7 Be5 42. Bxe5 Kxe5 43. Rb3
1-0

[Event "U.S. Amateur North U1600"]
[Site "Detroit, MI"]
[Date "2002.05.25"]
[Round "1.25"]
[White "Sherrell, Andre"]
[Black "Samuel, Roland"]
[Result "0-1"]
[WhiteElo "468"]
[BlackElo "1167"]
[PlyCount "94"]
[EventDate "2002.05.25"]

1. g3 d5 2. Bg2 e5 3. d3 Nf6 4. Nf3 Nc6 5. O-O Bc5 6. Bg5 h6 7. Bxf6 Qxf6 8.
Nc3 Be6 9. Nb5 Bb6 10. Qd2 Rd8 11. Rac1 e4 12. Qc3 Qxc3 13. Nxc3 exf3 14. Bxf3
O-O 15. Rfd1 Rfe8 16. e4 dxe4 17. Bxe4 Ba5 18. Nb5 Bd5 19. Bf5 Bf3 20. Rf1 Be2
21. Be4 Bxf1 22. Bxc6 bxc6 23. Nxa7 Rd6 24. Kxf1 Bb6 25. Re1 Rxe1+ 26. Kxe1
Bxa7 27. a3 Re6+ 28. Kf1 Kf8 29. a4 Ke7 30. c4 Kd6 31. b4 Ke5 32. f4+ Kd4 33.
f5 Re3 34. Kf2 Kxd3 35. g4 Kxc4 36. Kg2 Kxb4 37. h4 c5 38. g5 c4 39. f6 gxf6
40. gxh6 Re8 41. h7 c3 42. Kg3 c2 43. Kg4 c1=Q 44. Kf5 Qf1+ 45. Kg4 Re4+ 46.
Kh5 Qf5+ 47. Kh6 Qg6# 0-1

[Event "U.S. Amateur North U1600"]
[Site "Detroit, MI"]
[Date "2002.05.25"]
[Round "3.28"]
[White "Sherrell, Andre"]
[Black "Pelt, Joshua"]
[Result "0-1"]
[WhiteElo "468"]
[BlackElo "627"]
[PlyCount "23"]
[EventDate "2002.05.25"]

1. g3 e5 2. Nf3 Nc6 3. Bg2 d5 4. O-O Bg4 5. Ne1 Nf6 6. Nd3 Bb4 7. Re1 O-O 8.
Bf1 e4 9. Nf4 Bd6 10. Bh3 Bxf4 11. Bxg4 Nxg4 12. Rf1 0-1

[Event "U.S. Amateur North"]
[Site "Detroit, MI"]
[Date "2002.05.25"]
[Round "3.6"]
[White "Schey, Danny"]
[Black "Cox, Nick"]
[Result "1-0"]
[WhiteElo "1633"]
[BlackElo "1465"]
[Annotator "Danny Schey"]
[PlyCount "51"]
[EventDate "2002.05.25"]

1. e4 c5 2. Nc3 Nc6 3. f4 d6 4. Nf3 Nf6 5. Bc4 g6 6. O-O Bg7 7. Qe1 O-O 8. f5
Bd7 $6 ({Black shouldn't have time for this. Hodgson-Nunn London 1978
continued:} 8... gxf5 9. d3 fxe4 10. dxe4 Bg4 11. Qh4 Bxf3 12. Rxf3 Ne5 13. Rh3
Ng6 14. Qg3 Qd7 15. Nd5 Nxd5 16. Bxd5 e6 17. Bb3 d5 18. Qf3 $16) 9. Qh4 e6 10.
d3 Nh5 $6 {Now this is something new. With the bishop gone, the black squares
cannot by defended.} 11. Bg5 Bf6 12. g4 Bxg5 13. Nxg5 h6 14. f6 hxg5 15. Qxg5
Nxf6 16. Rxf6 Kg7 17. Raf1 Na5 18. Qf4 Qe7 19. e5 Nxc4 ({If} 19... d5 {I
intended} 20. Bxd5 {Put that one in your Fritz.}) 20. dxc4 dxe5 21. Qxe5 Kg8
22. Ne4 Be8 23. Qg5 Qc7 $2 ({Now, it's all over. With} 23... Qd8 {the threat
of ...Qd4 followed by ...Bc6 would have slowed down my attack considerably.})
24. R6f3 {He would have still had time for ...Qd8, if I try to mate with Qh6
and Ng5. This move gives him no counterplay.} f5 25. Nf6+ Kg7 $4 {He must give
up the exchange here. Instead, he is faced with the choice of losing his king
or queen.} 26. Rh3 1-0

[Event "U.S. Amateur North U1600"]
[Site "Detroit, MI"]
[Date "2002.05.25"]
[Round "2.13"]
[White "Samuel, Roland"]
[Black "Grzegorczyk, Ron"]
[Result "1/2-1/2"]
[WhiteElo "1167"]
[BlackElo "1500"]
[PlyCount "96"]
[EventDate "2002.05.25"]

1. Nf3 Nf6 2. d4 d5 3. c4 c6 4. Nc3 e6 5. Bg5 Be7 6. e3 Nbd7 7. Bd3 O-O 8. O-O
h6 9. Bh4 Ne8 10. Bxe7 Qxe7 11. cxd5 exd5 12. Re1 f5 13. Qc2 Nd6 14. Rad1 Ne4
15. Nd2 Ndf6 16. f3 Nd6 17. e4 fxe4 18. fxe4 dxe4 19. Ndxe4 Nfxe4 20. Nxe4 Nxe4
21. Rxe4 Qf6 22. Rf1 Bf5 23. Ref4 g6 24. Bxf5 gxf5 25. Qc4+ Qf7 26. Qxf7+ Rxf7
27. Rxf5 Rd7 28. Rd1 Rad8 29. Rf4 c5 30. d5 Rxd5 31. Rdf1 R8d7 32. h3 b5 33. g4
a5 34. R1f2 c4 35. a3 Rd3 36. R2f3 Kg7 37. Kg2 Rxf3 38. Rxf3 Rd2+ 39. Rf2 Rd3
40. Rf3 Rd5 41. h4 b4 42. axb4 axb4 43. Kf1 Rd4 44. Rg3 Kf6 45. g5+ hxg5 46.
hxg5+ Kg6 47. Ke2 Rd5 48. Rg4 c3 1/2-1/2

[Event "U.S. Amateur North U1600"]
[Site "Detroit, MI"]
[Date "2002.05.25"]
[Round "3.14"]
[White "Samuel, Roland"]
[Black "Griffin, John"]
[Result "1-0"]
[WhiteElo "1167"]
[BlackElo "1513"]
[PlyCount "151"]
[EventDate "2002.05.25"]

1. Nf3 Nf6 2. d4 d5 3. c4 Bg4 4. e3 Nc6 5. Nc3 e5 6. dxe5 Bxf3 7. gxf3 Nxe5 8.
cxd5 Bb4 9. e4 c6 10. d6 Qxd6 11. Qxd6 Bxd6 12. f4 Nf3+ 13. Ke2 Nd4+ 14. Kd3
Bc5 15. Na4 Ne6 16. Nxc5 Nxc5+ 17. Ke3 Nfxe4 18. b4 O-O 19. bxc5 Nxc5 20. Kf3
Rfe8 21. Be3 Ne4 22. Bd3 Nf6 23. Rad1 b6 24. Rhg1 c5 25. Rg2 g6 26. f5 Nd7 27.
Bf4 Ne5+ 28. Bxe5 Rxe5 29. fxg6 hxg6 30. Rg4 Rd8 31. Bc2 Red5 32. Rxd5 Rxd5 33.
Bb3 Rd7 34. h4 Kg7 35. h5 Rd6 36. hxg6 fxg6 37. Re4 a6 38. Re7+ Kf6 39. Rf7+
Kg5 40. Ke4 b5 41. Bd5 c4 42. Kd4 Rd8 43. Ra7 c3 44. Rc7 b4 45. Ke4 a5 46. Rc5
Kh4 47. Bb3 Ra8 48. Kd3 g5 49. Bd5 Ra7 50. Kc2 g4 51. Kb3 g3 52. Rc4+ Kh3 53.
Be6+ Kg2 54. fxg3 Kxg3 55. Ka4 Kf3 56. Rc5 Ke4 57. Bb3 Kd4 58. Rxa5 Rc7 59. Bc2
Kc4 60. Bb3+ Kd4 61. Rd5+ Ke4 62. Rd1 c2 63. Rc1 Kd3 64. Kxb4 Rb7+ 65. Ka3 Ra7+
66. Kb2 Rb7 67. Rxc2 Kd4 68. a4 Kd3 69. Ka3 Rb8 70. Rc6 Kd4 71. a5 Ra8 72. a6
Ra7 73. Ka4 Rd7 74. Ka5 Rd8 75. Rc7 Ra8 76. Kb6 1-0

[Event "U.S. Amateur North"]
[Site "Detroit, MI"]
[Date "2002.05.25"]
[Round "2.1"]
[White "Rogers, Bradley"]
[Black "Herreshoff, Matt"]
[Result "1/2-1/2"]
[WhiteElo "2009"]
[BlackElo "1739"]
[PlyCount "111"]
[EventDate "2002.05.25"]

1. d4 e6 2. Nf3 d5 3. g3 c5 4. e3 Nc6 5. Bg2 Nf6 6. O-O Be7 7. b3 O-O 8. Bb2
Ne4 9. Nbd2 f5 10. c4 b6 11. a3 Qc7 12. Rc1 Bb7 13. dxc5 Nxc5 14. Qe2 dxc4 15.
bxc4 Rad8 16. Nd4 Bf6 17. N2f3 Ne5 18. Nxe5 Bxg2 19. Kxg2 Bxe5 20. f3 Qc8 21.
Rfd1 Bb8 22. Nb5 e5 23. Nc3 Qe6 24. Rd5 e4 25. f4 Nd3 26. Rc2 Qc6 27. Rxd8 Rxd8
28. Nb5 g6 29. Nd4 Qa4 30. Kh3 Nxb2 31. Rxb2 Qxa3 32. c5 Bc7 33. Qc4+ Kh8 34.
cxb6 Bxb6 35. Rb3 Qc5 36. Qxc5 Bxc5 37. Ne6 Rc8 38. Rc3 Kg8 39. Rxc5 Rxc5 40.
Nxc5 Kf7 41. g4 a5 42. gxf5 gxf5 43. Kh4 Kg6 44. Na4 Kh6 45. Kg3 Kh5 46. Nb6
Kh6 47. Kf2 Kh5 48. Ke2 Kg4 49. Kd2 h5 50. Nc4 h4 51. Nxa5 Kh3 52. Ke2 Kxh2 53.
Kf2 h3 54. Nc4 Kh1 55. Nd2 h2 56. Nf1 1/2-1/2

[Event "U.S. Amateur North U1600"]
[Site "Detroit, MI"]
[Date "2002.05.25"]
[Round "1.24"]
[White "Norwood, Wayne"]
[Black "Strickland, Precious"]
[Result "1-0"]
[WhiteElo "1173"]
[BlackElo "495"]
[PlyCount "51"]
[EventDate "2002.05.25"]

1. e4 e5 2. Nf3 Nc6 3. Bc4 a6 4. Nc3 b5 5. Bd5 Nd4 6. Bxa8 Nxf3+ 7. Qxf3 Bb7 8.
Bxb7 c6 9. Bxa6 Qa8 10. Bxb5 cxb5 11. Nxb5 g5 12. Nc7+ Kd8 13. Nxa8 Bb4 14.
Qxf7 Kc8 15. Qc4+ Kb8 16. Nb6 Ba5 17. Nxd7+ Kb7 18. Qb5+ Kc7 19. Nxe5 Nf6 20.
Qxa5+ Kb7 21. Qb5+ Kc7 22. Qc6+ Kd8 23. d4 h5 24. Bxg5 Ke7 25. Bxf6+ Kf8 26.
Qc8# 1-0

[Event "U.S. Amateur North U1600"]
[Site "Detroit, MI"]
[Date "2002.05.25"]
[Round "3.20"]
[White "Norwood, Wayne"]
[Black "Spindleman, Brian"]
[Result "1-0"]
[WhiteElo "1173"]
[BlackElo "856"]
[PlyCount "41"]
[EventDate "2002.05.25"]

1. e4 e6 2. d4 d5 3. Nc3 dxe4 4. Nxe4 Nd7 5. Nf3 Ngf6 6. Bg5 Be7 7. Be2 Nxe4 8.
Bxe7 Qxe7 9. Qd3 Nef6 10. O-O-O a6 11. h4 g6 12. Ne5 c5 13. Nxd7 Nxd7 14. h5
Qg5+ 15. Kb1 Qxg2 16. dxc5 O-O 17. Rhg1 Qxf2 18. hxg6 fxg6 19. Rxg6+ hxg6 20.
Qxg6+ Kh8 21. Rh1+ 1-0

[Event "U.S. Amateur North U1600"]
[Site "Detroit, MI"]
[Date "2002.05.25"]
[Round "2.11"]
[White "Moroney, Timothy"]
[Black "Collins, Michael"]
[Result "1-0"]
[WhiteElo "1560"]
[BlackElo "1360"]
[PlyCount "57"]
[EventDate "2002.05.25"]

1. e4 e5 2. Nf3 Nc6 3. Bc4 Bc5 4. c3 Nf6 5. d4 exd4 6. e5 Ng8 7. cxd4 Bb4+ 8.
Bd2 Bxd2+ 9. Qxd2 d5 10. exd6 Qxd6 11. O-O Nge7 12. Nc3 a6 13. Ne4 Qb4 14. Qxb4
Nxb4 15. a3 Nbd5 16. Rfe1 O-O 17. Nc3 Nb6 18. Rxe7 Nxc4 19. b3 Na5 20. b4 Nc6
21. Rxc7 Rb8 22. d5 Na7 23. a4 Bf5 24. Nd4 Bg6 25. d6 Rfd8 26. d7 f6 27. Ne6
Nc6 28. Nxd8 Nxd8 29. Rc8 1-0

[Event "U.S. Amateur North"]
[Site "Detroit, MI"]
[Date "2002.05.25"]
[Round "1.6"]
[White "Moore, Robert"]
[Black "Andreas, Peter"]
[Result "0-1"]
[WhiteElo "1600"]
[BlackElo "1807"]
[PlyCount "48"]
[EventDate "2002.05.25"]

1. e4 Nf6 2. Nc3 d5 3. exd5 Nxd5 4. Nxd5 Qxd5 5. c4 Qe4+ 6. Qe2 Bf5 7. Qxe4
Bxe4 8. d3 Bc6 9. Bf4 Na6 10. Ne2 Nb4 11. Nd4 O-O-O 12. a3 Rxd4 13. axb4 Rxf4
14. b5 Bd7 15. g3 Rd4 16. Bg2 Kb8 17. Kd2 e5 18. Kc3 Bf5 19. Rhd1 Be7 20. f4
Rhd8 21. Kc2 Rxc4+ 22. Kb3 Rb4+ 23. Kc3 Rxb5 24. h3 exf4 0-1

[Event "U.S. Amateur North U1600"]
[Site "Detroit, MI"]
[Date "2002.05.25"]
[Round "3.10"]
[White "Moore, Martin"]
[Black "Holden, Anthony"]
[Result "0-1"]
[WhiteElo "1579"]
[BlackElo "1477"]
[PlyCount "42"]
[EventDate "2002.05.25"]

1. d4 d5 2. Nf3 Bg4 3. Nbd2 f6 4. h3 Bh5 5. b3 e6 6. Bb2 Bd6 7. c4 Ne7 8. e3 c5
9. Qc2 Nbc6 10. a3 Rc8 11. Rc1 cxd4 12. exd4 O-O 13. Bd3 f5 14. Ne5 Bxe5 15.
dxe5 d4 16. f4 g5 17. fxg5 Nxe5 18. O-O Nd5 19. Bxd4 Nb4 20. axb4 Qxd4+ 21. Kh1
Nxd3 0-1

[Event "U.S. Amateur North U1600"]
[Site "Detroit, MI"]
[Date "2002.05.25"]
[Round "3.24"]
[White "McKinzie, Maurice"]
[Black "Weeks, Shanar"]
[Result "0-1"]
[WhiteElo "1026"]
[BlackElo "1135"]
[PlyCount "36"]
[EventDate "2002.05.25"]

1. e4 e5 2. Bc4 Nf6 3. Nc3 Bb4 4. Nd5 Nxd5 5. Bxd5 c6 6. Bc4 b5 7. Bb3 a5 8. a3
Bc5 9. Nf3 a4 10. Ba2 Qf6 11. d3 b4 12. Bg5 Qg6 13. h3 f6 14. Bd2 Qxg2 15. Ke2
d5 16. Rg1 Qxh3 17. exd5 Bg4 18. dxc6 Qxf3+ 0-1

[Event "U.S. Amateur North"]
[Site "Detroit, MI"]
[Date "2002.05.25"]
[Round "1.2"]
[White "Matias, I.C."]
[Black "Rogers, Bradley"]
[Result "0-1"]
[WhiteElo "1666"]
[BlackElo "2009"]
[PlyCount "86"]
[EventDate "2002.05.25"]

{64MB, maxlange.ctg. CC1955916-D} 1. e4 {0} e6 2. d4 d5 3. Nc3 Bb4 4. e5 c5 5.
a3 Bxc3+ 6. bxc3 Qc7 7. Nf3 Nc6 8. Be2 Nge7 9. O-O Bd7 10. a4 f6 11. exf6 gxf6
12. Ba3 c4 13. Nh4 O-O-O 14. f4 Ng6 15. Nxg6 hxg6 16. Qd2 Rdg8 17. a5 g5 18. a6
b6 19. Rf2 Rg6 20. Bxc4 dxc4 21. d5 exd5 22. Qxd5 Nd8 23. Rd1 Qc6 24. f5 Rgg8
25. Bd6 Qxd5 26. Rxd5 Re8 27. Rfd2 Bc6 28. R5d4 Rh4 29. Rxh4 gxh4 30. Rd4 Nf7
31. Bb4 Re4 32. Rxe4 Bxe4 33. Be7 Bxf5 34. Bxf6 h3 35. gxh3 Bxh3 36. Kf2 Bf5
37. h4 Nd6 38. Ke3 Bxc2 39. Kd4 Bd3 40. h5 Ne8 41. Ke5 Nxf6 42. Kxf6 Kc7 43. h6
b5 0-1

[Event "U.S. Amateur North"]
[Site "Detroit, MI"]
[Date "2002.05.25"]
[Round "3.8"]
[White "Matias, I.C."]
[Black "Moore, Robert"]
[Result "1/2-1/2"]
[WhiteElo "1600"]
[BlackElo "1666"]
[PlyCount "101"]
[EventDate "2002.05.25"]

1. e4 e5 2. Nf3 Nc6 3. Bb5 a6 4. Ba4 Nf6 5. O-O Be7 6. Re1 b5 7. Bb3 d6 8. c3
O-O 9. h3 Bb7 10. d4 Re8 11. Ng5 Rf8 12. Nf3 Re8 13. Nbd2 Bf8 14. Nf1 exd4 15.
cxd4 Rxe4 16. Bxf7+ Kh8 17. Rxe4 Nxe4 18. Bd5 Nf6 19. Ng5 Qe7 20. Bb3 d5 21.
Be3 h6 22. Nf3 Na5 23. Bc2 Nc4 24. Nh4 Kg8 25. Qf3 Ne4 26. b3 Ncd6 27. Ng6 Qf7
28. Qxf7+ Nxf7 29. Rc1 Bd6 30. f3 Nc3 31. Bd3 Nxa2 32. Re1 Nb4 33. Bb1 Re8 34.
Kf2 Nh8 35. Nh4 Bc8 36. Nf5 Bxf5 37. Bxf5 Nf7 38. Ng3 a5 39. Ne2 Nd8 40. Nc3 c6
41. Ra1 Bc7 42. Re1 Nf7 43. Re2 Nd6 44. Bb1 Kf7 45. g4 g5 46. Na2 Nxa2 47. Bxa2
Nb7 48. Bb1 Bb6 49. Bf5 Kf6 50. Rc2 Nd8 51. Rd2 1/2-1/2

[Event "U.S. Amateur North"]
[Site "Detroit, MI"]
[Date "2002.05.25"]
[Round "2.6"]
[White "Matias, I.C."]
[Black "LaForge, Tom"]
[Result "0-1"]
[WhiteElo "1666"]
[BlackElo "1936"]
[PlyCount "118"]
[EventDate "2002.05.25"]

1. d4 e6 2. c4 d5 3. Nc3 Be7 4. Nf3 Nf6 5. Bg5 h6 6. Bh4 O-O 7. e3 b6 8. cxd5
Nxd5 9. Bxe7 Qxe7 10. Be2 Bb7 11. O-O Nd7 12. Rc1 Rfc8 13. Qa4 c5 14. dxc5 Nxc5
15. Qa3 Kf8 16. Rfd1 Nd7 17. Qxe7+ Kxe7 18. Nxd5+ Bxd5 19. b3 Bb7 20. Bb5 Rxc1
21. Rxc1 Bxf3 22. gxf3 a6 23. Be2 Kd6 24. f4 Ra7 25. Kg2 a5 26. Kf3 f5 27. Rg1
Nc5 28. Rg6 Ne4 29. Bd3 Nf6 30. e4 fxe4+ 31. Bxe4 Rc7 32. Ke3 Rc1 33. f3 Ra1
34. Rxg7 Rxa2 35. Rg6 Ke7 36. Rxh6 Rb2 37. Rh8 Rxb3+ 38. Kd4 a4 39. Rb8 Kd6 40.
Bc2 Rb4+ 41. Kd3 Nd5 42. f5 exf5 43. Kd2 Rf4 44. Ke2 Kc5 45. Ra8 b5 46. Re8 Kd4
47. Kd2 Kc5 48. Bd3 Rb4 49. h4 Kb6 50. Ra8 Nc7 51. Rb8+ Ka7 52. Rc8 Kb7 53.
Bxf5 a3 54. Rg8 a2 55. Rg1 Kb6 56. Ra1 Rxh4 57. Kc2 Nd5 58. Kb3 Nb4 59. Be4 Ka5
0-1

[Event "U.S. Amateur North"]
[Site "Detroit, MI"]
[Date "2002.05.25"]
[Round "1.8"]
[White "Mahabir, Naresh"]
[Black "Herreshoff, Matthew"]
[Result "0-1"]
[WhiteElo "1349"]
[BlackElo "1739"]
[PlyCount "71"]
[EventDate "2002.05.25"]

1. d4 e6 2. e3 d5 3. Bd3 c5 4. c3 Nf6 5. f4 Ne4 6. Nf3 f5 7. O-O Be7 8. Nbd2
O-O 9. Ne5 Bd7 10. Rf3 g5 11. fxg5 Bxg5 12. Bxe4 fxe4 13. Rg3 Kh8 14. Qh5 Qf6
15. Qe2 cxd4 16. exd4 Bf4 17. Nxd7 Nxd7 18. Rh3 Rf7 19. Nb3 Raf8 20. Be3 b6 21.
Bxf4 Qxf4 22. Rd1 Nb8 23. Nd2 Nc6 24. Rf1 Qg5 25. Rxf7 Rxf7 26. Rg3 Qh6 27. Rh3
Qf4 28. Qe3 Qg4 29. Qe1 Ne7 30. Rg3 Qf5 31. Re3 Ng6 32. Nf1 Rg7 33. Rg3 Rf7 34.
b3 h5 35. h4 Qf6 36. Rg5 0-1

[Event "U.S. Amateur North"]
[Site "Detroit, MI"]
[Date "2002.05.25"]
[Round "3.7"]
[White "Mahabir, Naresh"]
[Black "Burwell, Raymond"]
[Result "1-0"]
[WhiteElo "1349"]
[BlackElo "1758"]
[PlyCount "83"]
[EventDate "2002.05.25"]

1. d4 d5 2. e3 Bf5 3. Bd3 Bxd3 4. cxd3 c6 5. Nc3 Nf6 6. f4 e6 7. Nf3 Be7 8. O-O
O-O 9. Ne5 Nbd7 10. Rf3 c5 11. dxc5 Nxc5 12. d4 Nce4 13. Bd2 a6 14. Qe2 Rc8 15.
Rh3 Nxd2 16. Qxd2 Bb4 17. Rc1 Ne4 18. Qd1 Bxc3 19. bxc3 Qe7 20. Qh5 Nf6 21. Qd1
g6 22. Ng4 Ne4 23. Qb3 f5 24. Ne5 Rc7 25. c4 dxc4 26. Rxc4 Rfc8 27. Rxc7 Rxc7
28. Qb2 Rc3 29. Rf3 Qc7 30. h3 b5 31. Kh2 Kg7 32. Qb4 Nd6 33. h4 a5 34. Qb2 b4
35. h5 Nc4 36. Nxc4 Qxc4 37. hxg6 hxg6 38. Qf2 Rc2 39. Qh4 Qc7 40. Rh3 Rxg2+
41. Kxg2 Qc2+ 42. Kg3 1-0

[Event "U.S. Amateur North"]
[Site "Detroit, MI"]
[Date "2002.05.25"]
[Round "2.8"]
[White "Mahabir, Jagdesh"]
[Black "Burwell, Raymond"]
[Result "1-0"]
[WhiteElo "1435"]
[BlackElo "1758"]
[PlyCount "93"]
[EventDate "2002.05.25"]

1. d4 d5 2. e3 Nf6 3. Bd3 Nc6 4. f4 Bg4 5. Nf3 e6 6. c3 Be7 7. Nbd2 Qd7 8. Qb3
O-O-O 9. O-O Bxf3 10. Nxf3 Ne4 11. Bb5 f6 12. c4 dxc4 13. Bxc4 Na5 14. Bxe6
Nxb3 15. Bxd7+ Rxd7 16. axb3 Kb8 17. Nd2 f5 18. Nxe4 fxe4 19. Bd2 c5 20. Bc3
cxd4 21. Bxd4 b6 22. Bxg7 Rg8 23. Bd4 Kb7 24. Ra4 Rc8 25. Rc4 Rdc7 26. Rfc1 Bd6
27. Rxc7+ Bxc7 28. g4 Rd8 29. Rf1 Rg8 30. g5 b5 31. h4 a6 32. h5 Bd8 33. Kh2
Kc6 34. Rc1+ Kd7 35. Rc5 Bc7 36. Kh3 Bd8 37. Re5 Re8 38. Rxe8 Kxe8 39. Kg4 Kf7
40. f5 Bc7 41. g6+ Kg8 42. Kg5 Bd6 43. f6 a5 44. f7+ Kf8 45. Kf6 Be7+ 46. Ke6
hxg6 47. hxg6 1-0

[Event "U.S. Amateur North U1600"]
[Site "Detroit, MI"]
[Date "2002.05.25"]
[Round "3.27"]
[White "Madu, Chinonye"]
[Black "Wint, Lamar"]
[Result "1-0"]
[WhiteElo "670"]
[BlackElo "229"]
[PlyCount "27"]
[EventDate "2002.05.25"]

1. e3 e5 2. Qe2 d5 3. Nc3 Be6 4. b3 Nh6 5. Nf3 Bd6 6. d4 exd4 7. Nxd4 Be5 8.
Bd2 Bxd4 9. exd4 Nd7 10. Bxh6 gxh6 11. Qe3 O-O 12. a3 Bg4 13. f3 Bf5 14. g4 1-0

[Event "U.S. Amateur North U1600"]
[Site "Detroit, MI"]
[Date "2002.05.25"]
[Round "1.21"]
[White "Madu, Chinonye"]
[Black "Wilder, Derek"]
[Result "0-1"]
[WhiteElo "670"]
[BlackElo "1292"]
[PlyCount "64"]
[EventDate "2002.05.25"]

1. e3 d5 2. Nc3 Nf6 3. Qf3 e6 4. e4 dxe4 5. Nxe4 Nbd7 6. Ng5 h6 7. Ne4 Nxe4 8.
Qxe4 Nf6 9. Qa4+ Bd7 10. Qb3 Bc6 11. Nf3 Bd6 12. Be2 O-O 13. d4 Bd5 14. Qd3 Be4
15. Qe3 Bxc2 16. Ng5 hxg5 17. Qxg5 Nd5 18. Qh5 Bg6 19. Qh3 Nf4 20. Bxf4 Bxf4
21. g3 Bd6 22. O-O Qf6 23. Rad1 e5 24. f4 exf4 25. gxf4 Rfe8 26. f5 Rxe2 27.
fxg6 Qxg6+ 28. Kh1 Rxh2+ 29. Qxh2 Bxh2 30. Kxh2 Re8 31. Rg1 Re2+ 32. Kh1 Qh5#
0-1

[Event "U.S. Amateur North"]
[Site "Detroit, MI"]
[Date "2002.05.25"]
[Round "3.1"]
[White "Kriseler, Mark"]
[Black "Andreas, Peter"]
[Result "1/2-1/2"]
[WhiteElo "1921"]
[BlackElo "1807"]
[PlyCount "120"]
[EventDate "2002.05.25"]

1. e3 e5 2. b3 d5 3. Bb2 Bd6 4. f4 Qe7 5. Nf3 Nd7 6. Qe2 Ngf6 7. fxe5 Nxe5 8.
Nc3 c6 9. O-O-O Ba3 10. d4 Bxb2+ 11. Kxb2 Ng6 12. h3 Bd7 13. Re1 O-O-O 14. e4
dxe4 15. Nxe4 Nxe4 16. Qxe4 Qxe4 17. Rxe4 f6 18. Bc4 Rhe8 19. Rhe1 Rxe4 20.
Rxe4 Re8 21. Rxe8+ Bxe8 22. g3 Bd7 23. h4 Ne7 24. Bd3 Bf5 25. Bxf5+ Nxf5 26. g4
Ne3 27. g5 Nf5 28. gxf6 gxf6 29. c4 Kd7 30. Kc3 Ke6 31. Kd3 Nd6 32. Ke3 Kf5 33.
d5 cxd5 34. cxd5 Ne4 35. Kd4 Kf4 36. Ne1 Nd6 37. Nd3+ Kg4 38. Nc5 Kf5 39. a4 b6
40. Nd7 h6 41. b4 Nc8 42. a5 bxa5 43. bxa5 Kg6 44. Kc5 Kf7 45. Kc6 Ne7+ 46. Kb7
Nxd5 47. Kxa7 f5 48. Ne5+ Ke6 49. Nf3 Kd6 50. Kb7 Nb4 51. Kb6 Nd5+ 52. Kb7 Nb4
53. Nd4 Ke5 54. Nc6+ Nxc6 55. Kxc6 f4 56. a6 f3 57. a7 f2 58. a8=Q f1=Q 59.
Qe8+ Kd4 60. Qh8+ Ke4 1/2-1/2

[Event "U.S. Amateur North"]
[Site "Detroit, MI"]
[Date "2002.05.25"]
[Round "2.9"]
[White "Khraizat, Ali"]
[Black "Mahabir, Naresh"]
[Result "1/2-1/2"]
[WhiteElo "1504"]
[BlackElo "1349"]
[PlyCount "64"]
[EventDate "2002.05.25"]

1. e4 e5 2. Bc4 Nc6 3. Nf3 Bc5 4. d3 d6 5. h3 Be6 6. a3 Nge7 7. Nc3 O-O 8. O-O
Bxc4 9. dxc4 f5 10. exf5 Nxf5 11. Na4 Nfd4 12. Nxd4 Bxd4 13. c3 Bb6 14. Nxb6
axb6 15. Qg4 Qf6 16. Qe4 Qe6 17. Qd5 Rf6 18. Qxe6+ Rxe6 19. b4 Rf8 20. Be3 Ne7
21. c5 bxc5 22. bxc5 Nd5 23. cxd6 Nxe3 24. fxe3 Rxd6 25. Rxf8+ Kxf8 26. Rb1 Rd3
27. Rxb7 Rxc3 28. Kf2 Kf7 29. a4 Kf6 30. a5 Ra3 31. Rxc7 Rxa5 32. g4 h6 1/2-1/2

[Event "U.S. Amateur North"]
[Site "Detroit, MI"]
[Date "2002.05.25"]
[Round "1.1"]
[White "Jarosz, Stan"]
[Black "Hill, Brad"]
[Result "1/2-1/2"]
[WhiteElo "2051"]
[BlackElo "1733"]
[PlyCount "80"]
[EventDate "2002.05.25"]

1. d4 Nf6 2. c4 c5 3. Nf3 cxd4 4. Nxd4 e5 5. Nb5 d6 6. N1c3 a6 7. Na3 Nc6 8.
Nc2 Be6 9. e4 Rc8 10. Bg5 Na5 11. b3 b5 12. Nd5 bxc4 13. b4 Bxd5 14. Bxf6 Qxf6
15. Qxd5 Nc6 16. Bxc4 Ne7 17. Qd3 d5 18. Bxa6 Rxc2 19. Bb5+ Rc6 20. Rc1 g6 21.
exd5 Bh6 22. O-O O-O 23. dxc6 Bxc1 24. Rxc1 Rc8 25. Qd7 Qf4 26. Rb1 Qe4 27. Bd3
Qxc6 28. Qxe7 Qd5 29. h3 Qxd3 30. Re1 Qd2 31. Qxe5 Rc2 32. Qe3 Qxb4 33. Ra1
Rxa2 34. Qe8+ Kg7 35. Qe5+ Kg8 36. Rc1 Ra8 37. Rc7 Rd8 38. Qf6 Rd1+ 39. Kh2
Qd6+ 40. Qxd6 Rxd6 1/2-1/2

[Event "U.S. Amateur North U1600"]
[Site "Detroit, MI"]
[Date "2002.05.25"]
[Round "2.14"]
[White "Holden, Anthony"]
[Black "Thumm, Jon"]
[Result "1-0"]
[WhiteElo "1477"]
[BlackElo "1250"]
[PlyCount "123"]
[EventDate "2002.05.25"]

1. d4 e6 2. e3 Nf6 3. Bd3 d5 4. Nd2 c5 5. c3 Nc6 6. f4 Bd7 7. Ngf3 g6 8. Ne5
cxd4 9. exd4 Ne7 10. g4 Bg7 11. h4 h5 12. g5 Nfg8 13. Qb3 Qc7 14. Qa3 Nf5 15.
Nb3 b6 16. Nxd7 Qxd7 17. Bxf5 gxf5 18. Be3 Bf8 19. Qa6 Bd6 20. Rg1 Ne7 21. Nd2
Ng6 22. Nf3 Nxf4 23. Bxf4 Bxf4 24. g6 f6 25. Qe2 O-O-O 26. Nd2 Bxd2+ 27. Kxd2
Rdg8 28. Rae1 Re8 29. g7 Rhg8 30. Qxh5 Re7 31. Qh6 Rf7 32. h5 Kb7 33. Qe3 Rfxg7
34. Rxg7 Rxg7 35. Qxe6 Qxe6 36. Rxe6 Rh7 37. Rd6 Rxh5 38. Rxd5 Kc7 39. c4 Rg5
40. c5 f4 41. Rd6 bxc5 42. Rxf6 cxd4 43. Rxf4 Rd5 44. Kd3 Ra5 45. a3 Rb5 46. b4
a5 47. Kc4 Rg5 48. b5 d3 49. Rd4 Rg2 50. Rxd3 Rb2 51. Rd5 a4 52. Rc5+ Kb7 53.
Rd5 Rb3 54. Rd3 Rb2 55. Rd7+ Kb8 56. Rd3 Kc7 57. Rg3 Kb7 58. Rg7+ Kb8 59. Kc5
Rb3 60. Kc6 Rxa3 61. Rg8+ Ka7 62. b6+ 1-0